[Event "Titled Tue 10th Jun Late"]
[Site "chess.com INT"]
[Date "2025.06.10"]
[Round "10"]
[White "Povshednyi, Ivan"]
[Black "Yanev, Tihomir"]
[Result "1/2-1/2"]
[WhiteTitle "FM"]
[BlackTitle "IM"]
[WhiteElo "2309"]
[BlackElo "2354"]
[WhiteFideId "14190907"]
[BlackFideId "2910110"]
[EventDate "2025.06.10"]

1. d4 e6 2. c4 f5 3. Nc3 Nf6 4. e3 Bb4 5. Ne2 b6 6. a3 Be7 7. g3 Bb7 8. d5 e5 9.
Bg2 d6 10. O-O O-O 11. f4 Qc8 12. fxe5 dxe5 13. e4 Bc5+ 14. Kh1 Ng4 15. Qe1 g6
16. b4 Be7 17. h3 Nf6 18. Bh6 Rf7 19. exf5 gxf5 20. Qf2 Nh5 21. g4 Ng7 22. Bxg7
Kxg7 23. gxf5 Nd7 24. Ne4 Kh8 25. N2g3 Qf8 26. Qe3 Qg7 27. f6 Bxf6 28. Nh5 Qg6
29. Nhxf6 Nxf6 30. Nxf6 Rxf6 31. Qxe5 Rf8 32. Rxf6 Qxf6 33. Re1 Qxe5 34. Rxe5
Rf7 35. c5 Kg7 36. c6 Bc8 37. Re8 Rf8 38. Re3 Bf5 39. a4 Kf6 40. Kh2 Rg8 41. a5
h6 42. axb6 axb6 43. Kg1 Rg7 44. Kf2 Re7 45. Ra3 Ke5 46. Ke3 Kd6+ 47. Kf4 Bg6
48. Rg3 Rf7+ 49. Ke3 Rf6 50. h4 Bf7 51. Rg7 Ke5 52. Bf3 Bxd5 53. Bxd5 Kxd5 54.
Rxc7 Rxc6 55. Rb7 Kc4 56. Re7 Kxb4 57. Re4+ Kc3 58. Re5 Rc5 59. Re6 b5 60. Rxh6
b4 61. Rh8 b3 62. Rb8 b2 63. Kf4 Kc2 64. Kg4 b1=Q 65. Rxb1 Kxb1 66. h5 Kc2 67.
h6 Kd3 68. h7 Rc8 69. Kg5 Ke4 70. Kg6 Ke5 71. Kg7 Kf5 72. h8=Q Rxh8 73. Kxh8 1/2-1/2

[Event "Titled Tue 10th Jun Late"]
[Site "chess.com INT"]
[Date "2025.06.10"]
[Round "10"]
[White "Ahmad, Al Khatib"]
[Black "Hartge, Gedeon"]
[Result "0-1"]
[WhiteTitle "GM"]
[BlackTitle "FM"]
[WhiteElo "2172"]
[BlackElo "2328"]
[WhiteFideId "8103178"]
[BlackFideId "12932116"]
[EventDate "2025.06.10"]

1. d4 Nf6 2. Nc3 d5 3. Bf4 a6 4. e3 c5 5. dxc5 Nc6 6. a3 e5 7. Bg5 d4 8. exd4
exd4 9. Ne4 Qe7 10. Bd3 Bf5 11. Bxf6 gxf6 12. Qf3 Bxe4 13. Qxe4 Qxe4+ 14. Bxe4
Bxc5 15. Bxc6+ bxc6 16. O-O-O O-O-O 17. Nf3 Rhe8 18. Ne1 Bb6 19. Nd3 c5 20. b3
Kb7 21. Rhe1 Kc6 22. Rxe8 Rxe8 23. Re1 Re6 24. Kd1 Bc7 25. g3 Kd5 26. Nb2 Ba5
27. Re2 f5 28. Nc4 Bc7 29. f4 Re4 30. Kd2 h5 31. Kd3 h4 32. Nd2 Re6 33. Nf3 hxg3
34. hxg3 Rg6 35. Nh4 Rxg3+ 36. Kd2 Bxf4+ 37. Ke1 Rg5 38. Nf3 Bg3+ 39. Kf1 Rh5
40. Kg2 f4 41. Re7 Rf5 42. Rd7+ Ke4 43. Re7+ Kd5 44. Rd7+ Kc6 45. Ra7 Kb6 46.
Ra8 Rd5 47. Rb8+ Ka7 48. Rc8 d3 49. cxd3 Rxd3 50. Rxc5 Rxb3 51. Rf5 Rxa3 52.
Rxf7+ Kb6 53. Ne5 Kb5 54. Rb7+ Kc5 55. Rb8 Ra2+ 56. Kf3 Rf2+ 57. Ke4 Re2+ 58.
Kf5 Rxe5+ 59. Kxe5 f3+ 60. Ke4 Bxb8 61. Kxf3 Kc4 62. Ke2 Kb3 63. Kd1 Kb2 64. Kd2
a5 65. Kd3 a4 66. Kc4 a3 67. Kb4 a2 68. Kb5 a1=Q 69. Kc6 Qc1+ 70. Kd5 Qc3 71.
Ke4 Qe5+ 72. Kf3 Qf4+ 73. Kg2 Qg3+ 74. Kf1 Qh2 75. Ke1 Kc3 76. Kf1 Kd3 77. Ke1
Qe2# 0-1

[Event "Titled Tue 10th Jun Late"]
[Site "chess.com INT"]
[Date "2025.06.10"]
[Round "10"]
[White "Mafra, Kaiser Luiz"]
[Black "Vazelakis, Dimitrios"]
[Result "1-0"]
[WhiteTitle "CM"]
[WhiteElo "2076"]
[BlackElo "1857"]
[WhiteFideId "2106698"]
[BlackFideId "4203674"]
[EventDate "2025.06.10"]

1. e4 d6 2. d4 Nf6 3. Bd3 e5 4. Nf3 Nbd7 5. dxe5 dxe5 6. Nc3 h6 7. O-O Bc5 8.
Qe2 a6 9. Rd1 Qe7 10. a4 O-O 11. Be3 Re8 12. Nd5 Nxd5 13. Bxc5 Nf4 14. Bxe7
Nxe2+ 15. Bxe2 Rxe7 16. Bc4 Kf8 17. Rd2 f6 18. Rad1 Nb6 19. Rd8+ Re8 20. Bb3 Bg4
21. Rxa8 Rxa8 22. a5 Nd7 23. h3 Bxf3 24. Rxd7 Bxe4 25. Rxc7 g5 26. Rf7+ Ke8 27.
Rxf6 Rd8 28. Re6+ Kf8 29. Rxe5 Rd1+ 30. Kh2 Bc6 31. Rf5+ Ke8 32. Rf6 Rd2 33. Kg3
h5 34. Rf5 h4+ 35. Kh2 Ke7 36. Kg1 Rd1+ 37. Kh2 Rd2 38. g3 Rd1 39. gxh4 gxh4 40.
f3 Rf1 41. Kg2 Rd1 42. Rf4 Rd2+ 43. Kf1 Bb5+ 44. Ke1 Re2+ 45. Kd1 Rf2 46. Rxh4
Rxf3 47. Rh7+ Kd6 48. Rxb7 Rxh3 49. Rb6+ Kc5 50. Re6 Rh5 51. Kd2 Kb4 52. Re4+
Kxa5 53. c4 Bc6 54. Rd4 Kb4 55. Bd1 Rh2+ 56. Be2 Bf3 57. c5+ Kxc5 58. Kc3 Rxe2
59. Rc4+ Kd5 60. Rf4 Be4 61. Rf8 Rc2+ 62. Kb3 Rc6 63. Rd8+ Rd6 64. Ra8 Bd3 65.
Kc3 Bb5 66. Rh8 Rc6+ 67. Kb4 Rc4+ 68. Kb3 Ra4 69. Rh5+ Kc6 70. Rh6+ Kb7 71. Kc3
Kc7 72. b3 Kb7 73. bxa4 Bxa4 74. Kb4 Bb5 75. Ka5 Kc7 76. Kb4 Kb7 77. Kc5 Kc7 78.
Rh7+ Kd8 79. Kd6 Be8 80. Ra7 1-0

[Event "Titled Tue 10th Jun Late"]
[Site "chess.com INT"]
[Date "2025.06.10"]
[Round "10"]
[White "Mekhitarian, Krikor Sevag"]
[Black "Sliwicka, Alicja"]
[Result "1/2-1/2"]
[WhiteTitle "GM"]
[BlackTitle "WGM"]
[WhiteElo "2564"]
[BlackElo "2299"]
[WhiteFideId "2107660"]
[BlackFideId "1150677"]
[EventDate "2025.06.10"]

1. Nf3 c5 2. c4 Nc6 3. Nc3 g6 4. d4 cxd4 5. Nxd4 Bg7 6. e3 Nf6 7. Nc2 O-O 8. e4
d6 9. Be2 Be6 10. O-O Rc8 11. Be3 Nd7 12. Qd2 Qa5 13. Rab1 Bxc3 14. bxc3 Nce5
15. Rxb7 Nc5 16. Rxe7 Nxe4 17. Qe1 Qxc3 18. Nd4 Qxe1 19. Rxe1 Bxc4 20. Bxc4 Rxc4
21. Rxa7 Ng4 22. Nf3 Nxe3 23. Rxe3 f5 24. g3 Rc1+ 25. Re1 Rc2 26. Rb1 Rf7 27.
Rxf7 Kxf7 28. Rb7+ Kf6 29. Rxh7 Rxf2 30. Nh4 Rxa2 31. Rh6 Ke5 32. Nxg6+ Kd4 33.
Nf4 Ke3 34. Ng2+ Kf3 35. Nh4+ Kg4 36. Rg6+ Ng5 37. Kf1 Rxh2 38. Rxd6 Ra2 39. Rb6
Ne4 40. Rb4 Ra3 41. Nxf5 Kxf5 42. Ke1 Rxg3 43. Kd1 Kf4 44. Rb8 Ra3 45. Kc2 Ke3
46. Rh8 Ra2+ 47. Kb3 Ra1 48. Kc4 Rc1+ 49. Kd5 Rc5+ 50. Ke6 Kd4 51. Rd8+ Ke3 52.
Rh8 Ng5+ 53. Kd6 Ra5 54. Re8+ Kf4 55. Re1 Ne4+ 56. Kc6 Ke5 57. Kb6 Rd5 58. Rh1
Nf6 59. Re1+ Kd6 60. Ka6 Nd7 61. Rh1 Kc7 62. Rc1+ Nc5+ 63. Kb5 Kd6 64. Kb6 Nd7+
65. Ka6 Rh5 66. Rd1+ Kc6 67. Rg1 Nc5+ 68. Ka7 Rh7+ 69. Ka8 Ne4 70. Rc1+ Nc5 71.
Rg1 Rh8+ 72. Ka7 Rf8 73. Rg6+ Kc7 74. Rg7+ Nd7 75. Rg1 Rf5 76. Rc1+ Nc5 77. Rc2
Kc6 78. Rh2 Rf6 79. Rg2 Rf7+ 80. Ka8 Nd7 81. Rc2+ Nc5 82. Rh2 Rf8+ 83. Ka7 Rf7+
84. Ka8 Rd7 85. Rh6+ Kb5 86. Rh1 Kb6 87. Rb1+ Kc7 88. Rc1 Kc6 89. Rf1 Na4 90.
Rc1+ Kb6 91. Kb8 Nc5 92. Rb1+ Kc6 1/2-1/2

[Event "Titled Tue 10th Jun Late"]
[Site "chess.com INT"]
[Date "2025.06.10"]
[Round "10"]
[White "Shi, Roger V"]
[Black "Hungaski, Robert"]
[Result "0-1"]
[BlackTitle "GM"]
[WhiteElo "2137"]
[BlackElo "2477"]
[WhiteFideId "30980119"]
[BlackFideId "2021030"]
[EventDate "2025.06.10"]

1. e4 e6 2. d4 d5 3. e5 Ne7 4. Nf3 b6 5. c3 Qd7 6. h4 c5 7. Bf4 Ba6 8. Bxa6 Nxa6
9. O-O Nc6 10. Nbd2 Nc7 11. Rc1 c4 12. b3 b5 13. a4 a6 14. axb5 axb5 15. bxc4
bxc4 16. Qc2 h6 17. Ra1 Rxa1 18. Rxa1 Be7 19. g3 O-O 20. Nh2 Ra8 21. Rxa8+ Nxa8
22. Qa4 Qb7 23. Kg2 Nc7 24. Nhf3 Qb5 25. Qa2 Na6 26. Nf1 Na5 27. Bc1 Nb3 28. Bb2
Qa5 29. Qxa5 Nxa5 30. N1d2 Nc7 31. Kf1 Nb5 32. Ke2 Nc6 33. Kd1 g5 34. hxg5 hxg5
35. g4 Kg7 36. Kc2 Kg6 37. Nf1 Nca7 38. Ng3 Nc8 39. Bc1 Nb6 40. Ne2 Na4 41. Bd2
Bd8 42. Neg1 Ba5 43. Ne2 Bd8 44. Nc1 f6 45. Na2 f5 46. Nh2 fxg4 47. Nxg4 Be7 48.
f3 Kh5 49. Nc1 Kh4 50. Ne2 Kh3 51. Nh6 Nb6 52. Nf7 g4 53. fxg4 Kxg4 54. Nh6+ Kf3
55. Nf7 Kxe2 56. Bh6 Kf3 57. Bg7 Ke4 58. Nh6 Nd7 59. Ng4 Kf5 60. Nf2 Kg6 61. Bh8
Kh7 62. Bf6 Nxf6 63. exf6 Bxf6 64. Ng4 Bg7 65. Kd2 Kg6 66. Ke3 Kf5 67. Nf2 Nxc3
68. Nh3 Bh6+ 69. Kf2 Ne4+ 70. Kf3 c3 71. Ng1 Nd2+ 72. Ke2 Nb3 73. Kd3 c2 74.
Kxc2 Nxd4+ 75. Kd3 e5 76. Nh3 Ne6 77. Ke2 e4 78. Kf2 d4 79. Kg2 Be3 80. Kg3 d3
81. Kh4 d2 82. Kh5 d1=Q+ 83. Kh4 Qg4# 0-1

[Event "Titled Tue 10th Jun Late"]
[Site "chess.com INT"]
[Date "2025.06.10"]
[Round "10"]
[White "Jasinski, Alexander"]
[Black "Wang, Michael"]
[Result "1/2-1/2"]
[WhiteElo "1989"]
[BlackElo "1868"]
[WhiteFideId "55627994"]
[BlackFideId "30920531"]
[EventDate "2025.06.10"]

1. e4 c6 2. d4 d5 3. e5 Bf5 4. Nf3 e6 5. Be2 Nd7 6. O-O Bg6 7. a4 Nh6 8. a5 a6
9. c3 Rc8 10. b4 Nf5 11. Bd2 Be7 12. g4 Nh6 13. h3 O-O 14. Bxh6 gxh6 15. Qd2 Kg7
16. Nh2 f6 17. f4 fxe5 18. fxe5 Bg5 19. Qb2 Be3+ 20. Kg2 Rxf1 21. Bxf1 Be4+ 22.
Nf3 h5 23. Nd2 hxg4 24. hxg4 Bg6 25. Re1 Bf4 26. Be2 Qe7 27. Rh1 Rf8 28. Qc1 Kg8
29. Qe1 Qg7 30. Qh4 h5 31. g5 Qf7 32. Rf1 Qh7 33. Rh1 Rf7 34. Nf1 Nb8 35. Ng3
Bxg3 36. Qxg3 Nd7 37. Rh4 Nf8 38. Rf4 Bf5 39. Nh4 Ng6 40. Nxg6 Qxg6 41. Qh4 Rh7
42. Kg3 Rg7 43. Qxh5 Qxg5+ 44. Qxg5 Rxg5+ 45. Kf2 Kf7 46. Rh4 Kg7 47. Ke3 Rg3+
48. Kd2 Be4 49. Rf4 Rg2 50. Ke3 Rg1 51. Rf6 Bf5 52. Kd2 Ra1 53. Ke3 Ra2 54. Bd3
Bxd3 55. Kxd3 Rg2 56. Rxe6 Kf7 57. Rd6 Ke7 58. Rh6 Rg3+ 59. Kd2 Kd7 60. Rh7+ Kc8
61. e6 Rg8 62. e7 Re8 63. Kd3 Kd7 64. Rh6 Rxe7 65. Rh1 Rf7 66. Rh8 Kc7 67. Rh6
b6 68. axb6+ Kxb6 69. Rh1 Kb5 70. Ra1 Rf3+ 71. Kc2 Rf2+ 72. Kb3 Rf3 73. Ra5+ Kb6
74. Ra1 Rg3 75. Rh1 Kb5 76. Rh8 Kb6 77. Rh7 Rg1 78. Rh8 Rb1+ 79. Kc2 Ra1 80.
Rb8+ Kc7 81. Rf8 Ra2+ 82. Kb3 Ra1 83. Rf7+ Kb6 84. Rf6 a5 85. bxa5+ Rxa5 86. Rf8
Rb5+ 87. Kc2 Kc7 88. Kd3 Ra5 89. Rf7+ Kd6 90. Rf6+ Kd7 91. Rh6 Ra1 92. Rh3 Kd6
93. Rh6+ Kc7 94. Kc2 Kb6 95. Rh8 Rg1 96. Rb8+ Kc7 97. Rf8 Kb6 98. Kb3 Rb1+ 99.
Kc2 Rh1 100. Rf2 Kb5 101. Kd3 Rh3+ 102. Kd2 Kc4 103. Rf6 Rh2+ 104. Ke3 Rh3+ 105.
Kd2 Kb5 106. Rf8 Kc4 107. Rc8 Rd3+ 108. Ke2 Rxc3 109. Rxc6+ Kxd4 110. Rh6 Rc2+
111. Kd1 Rf2 112. Rh4+ Kd3 113. Rh3+ Kd4 114. Rh4+ Kc5 115. Rh8 Kc4 116. Rh4+
Kc3 117. Rh3+ Kc4 118. Ra3 d4 119. Rh3 Rb2 120. Rg3 Ra2 121. Rh3 Ra5 122. Rg3
Rc5 123. Rh3 Rc6 124. Rg3 d3 125. Rg8 Kc3 126. Rb8 Rc7 127. Rd8 Kc4 128. Rb8 Rg7
129. Rc8+ Kd5 130. Rd8+ Ke4 131. Re8+ Kd5 132. Rd8+ Kc4 133. Rc8+ Kd5 134. Rd8+ 1/2-1/2

[Event "Titled Tue 10th Jun Late"]
[Site "chess.com INT"]
[Date "2025.06.10"]
[Round "11"]
[White "Vila Dupla, Aurelio"]
[Black "Andrade, Ivan"]
[Result "1-0"]
[WhiteTitle "FM"]
[BlackTitle "FM"]
[WhiteElo "2056"]
[BlackElo "2144"]
[WhiteFideId "2203383"]
[BlackFideId "14800039"]
[EventDate "2025.06.10"]

1. Nf3 Nf6 2. g3 g6 3. Bg2 Bg7 4. O-O O-O 5. d4 d6 6. c4 c6 7. Nc3 Be6 8. d5 Bd7
9. h3 Qc8 10. Kh2 cxd5 11. cxd5 Na6 12. Nd4 Nc7 13. Be3 a6 14. Rc1 Qd8 15. a4
Kh8 16. Nb3 Nce8 17. a5 Be6 18. dxe6 1-0

[Event "Titled Tue 10th Jun Late"]
[Site "chess.com INT"]
[Date "2025.06.10"]
[Round "11"]
[White "Montano Vicente, Guadalupe"]
[Black "Xia, Joshua"]
[Result "1-0"]
[WhiteElo "1938"]
[BlackElo "2035"]
[WhiteFideId "5181399"]
[BlackFideId "30987830"]
[EventDate "2025.06.10"]

1. d4 Nf6 2. c4 g6 3. Nc3 d5 4. Nf3 Bg7 5. Qb3 dxc4 6. Qxc4 O-O 7. e4 a6 8. Bf4
b5 9. Qb3 Bb7 10. e5 Nd5 11. Bd2 Nb6 12. Be2 Nc6 13. Be3 Na5 14. Qc2 Nac4 15.
Rd1 Nd5 16. Nxd5 Bxd5 17. O-O c6 18. Bc1 Qd7 19. b3 Nb6 20. Bb2 Qg4 21. h3 Qf4
22. Bc1 Qe4 23. Bd3 Qxf3 24. gxf3 Bxf3 25. Be2 1-0

[Event "Titled Tue 10th Jun Late"]
[Site "chess.com INT"]
[Date "2025.06.10"]
[Round "11"]
[White "Harish, Neeraj"]
[Black "Izafatava, Kira"]
[Result "1-0"]
[WhiteTitle "CM"]
[WhiteElo "2192"]
[BlackElo "2036"]
[WhiteFideId "30958130"]
[BlackFideId "13521705"]
[EventDate "2025.06.10"]

1. c4 Nf6 2. g3 d5 3. cxd5 Nxd5 4. Bg2 Nb6 5. Nf3 g6 6. Nc3 Bg7 7. h4 h5 8. d4
O-O 9. O-O Bf5 10. Bf4 c6 11. Rc1 N8d7 12. e4 Bg4 13. Qc2 Bxf3 14. Bxf3 Bxd4 15.
Rfd1 Bg7 16. e5 Qc8 17. e6 Nf6 18. exf7+ Kh7 19. Ne4 Nbd5 20. Ng5+ Kh8 21. Bxd5
Nxd5 22. Rxd5 cxd5 23. Qxg6 1-0

[Event "Titled Tue 10th Jun Late"]
[Site "chess.com INT"]
[Date "2025.06.10"]
[Round "11"]
[White "Schnaider, Ilan"]
[Black "Banerjee, Supratit"]
[Result "1-0"]
[WhiteTitle "IM"]
[BlackTitle "FM"]
[WhiteElo "2388"]
[BlackElo "2311"]
[WhiteFideId "169013"]
[BlackFideId "2410079"]
[EventDate "2025.06.10"]

1. e4 g6 2. d4 Bg7 3. Nc3 d6 4. f4 Nf6 5. Bd3 O-O 6. Nf3 c5 7. dxc5 dxc5 8. e5
Nd5 9. Nxd5 Qxd5 10. Qe2 Nc6 11. O-O Bg4 12. c3 Rad8 13. Be4 Qd7 14. Be3 b6 15.
Rad1 Qc7 16. h3 Be6 17. Ng5 Bxa2 18. Rxd8 Rxd8 19. b4 Bb3 20. bxc5 bxc5 21. Qb5
Na5 22. Ra1 Nc4 23. Qxb3 1-0

[Event "Titled Tue 10th Jun Late"]
[Site "chess.com INT"]
[Date "2025.06.10"]
[Round "11"]
[White "Fernandes, Rogerio Paulo Muller"]
[Black "Vazelakis, Dimitrios"]
[Result "1-0"]
[WhiteElo "2241"]
[BlackElo "1857"]
[WhiteFideId "2101599"]
[BlackFideId "4203674"]
[EventDate "2025.06.10"]

1. c4 f5 2. g3 Nf6 3. Bg2 d6 4. Nc3 e5 5. d3 Be7 6. Nf3 O-O 7. O-O Kh8 8. Rb1
Qe8 9. e3 Qh5 10. Nd2 Qh6 11. b4 f4 12. Nde4 Nxe4 13. Bxe4 fxg3 14. fxg3 Rxf1+
15. Qxf1 c6 16. b5 Be6 17. bxc6 Nxc6 18. Rxb7 Rc8 19. Bxc6 Bg5 20. Nd5 Bxd5 21.
Bxd5 Bxe3+ 22. Bxe3 Qxe3+ 23. Qf2 Qc1+ 24. Kg2 h5 25. Be4 h4 26. Qf5 1-0

[Event "Titled Tue 10th Jun Late"]
[Site "chess.com INT"]
[Date "2025.06.10"]
[Round "11"]
[White "Naroditsky, Daniel"]
[Black "Ermachenko, Manuel"]
[Result "1-0"]
[WhiteTitle "GM"]
[BlackTitle "CM"]
[WhiteElo "2619"]
[BlackElo "2277"]
[WhiteFideId "2026961"]
[BlackFideId "24560952"]
[EventDate "2025.06.10"]

1. e4 c5 2. c3 d5 3. exd5 Qxd5 4. d4 Nf6 5. Nf3 e6 6. Na3 Nc6 7. Be3 cxd4 8. Nb5
Qd8 9. Nbxd4 Nd5 10. Bd2 Bc5 11. Nxc6 bxc6 12. Bd3 h6 13. Qe2 O-O 14. O-O-O Rb8
15. c4 Qb6 16. b3 Nf6 17. Bc3 Ng4 18. Ne5 Nxf2 19. Ng4 f6 20. Nxh6+ gxh6 21. Qh5
Be3+ 22. Kb1 Nxd3 23. Qg6+ Kh8 24. Bxf6+ Rxf6 25. Qxf6+ Kg8 26. Rxd3 Bg5 27.
Qg6+ Kh8 28. Rf1 Ba6 29. Rd7 1-0

[Event "Titled Tue 10th Jun Late"]
[Site "chess.com INT"]
[Date "2025.06.10"]
[Round "11"]
[White "Zou, Chen"]
[Black "Dubnevych, Maksym"]
[Result "1/2-1/2"]
[WhiteTitle "IM"]
[BlackTitle "FM"]
[WhiteElo "2443"]
[BlackElo "2296"]
[WhiteFideId "8610959"]
[BlackFideId "14184001"]
[EventDate "2025.06.10"]

1. d4 Nf6 2. c4 e6 3. Nf3 d5 4. Nc3 c5 5. cxd5 cxd4 6. Qxd4 exd5 7. e4 dxe4 8.
Qxd8+ Kxd8 9. Ng5 Be6 10. Nxe6+ fxe6 11. Bg5 Bb4 12. O-O-O+ Ke7 13. Nxe4 h6 14.
Bxf6+ gxf6 15. Kb1 f5 16. Ng3 Nc6 17. Bc4 Rad8 18. a3 Ba5 19. Ne2 Bc7 20. h3 Kf6
21. g4 fxg4 22. hxg4 Ne5 23. Rxd8 Rxd8 24. Bb3 Kg7 25. Nf4 Rd7 26. Nxe6+ Kg6 27.
Nf4+ Kg5 28. Ne6+ Kxg4 29. Nxc7 Rxc7 30. Rxh6 1/2-1/2

[Event "Titled Tue 10th Jun Late"]
[Site "chess.com INT"]
[Date "2025.06.10"]
[Round "11"]
[White "Wang, Michael"]
[Black "Kucza, Karol"]
[Result "0-1"]
[BlackTitle "FM"]
[WhiteElo "1868"]
[BlackElo "2316"]
[WhiteFideId "30920531"]
[BlackFideId "1159755"]
[EventDate "2025.06.10"]

1. e4 e5 2. Nf3 Nc6 3. Bc4 Nf6 4. d3 Bc5 5. c3 d6 6. O-O O-O 7. h3 a5 8. Bb3 Be6
9. Nbd2 Bxb3 10. Nxb3 Bb6 11. Re1 Re8 12. Bg5 h6 13. Bh4 g5 14. Nxg5 hxg5 15.
Bxg5 Nb8 16. Nd2 Kg7 17. Nc4 Nbd7 18. h4 Rg8 19. a4 Qe7 20. b3 Qe6 21. Ne3 Bxe3
22. Rxe3 Nh7 23. f4 Nxg5 24. f5 Qh6 25. hxg5 Qxg5 26. Qf3 Nf6 27. Kf2 Kf8 28.
Rh1 Ke7 29. Rh3 Ng4+ 30. Qxg4 0-1

[Event "Titled Tue 10th Jun Late"]
[Site "chess.com INT"]
[Date "2025.06.10"]
[Round "11"]
[White "Vlassov, Nikolai"]
[Black "Dilanyan, Grigor"]
[Result "0-1"]
[WhiteTitle "IM"]
[BlackTitle "FM"]
[WhiteElo "2291"]
[BlackElo "2191"]
[WhiteFideId "4103360"]
[BlackFideId "13303570"]
[EventDate "2025.06.10"]

1. e4 e5 2. Bc4 Nc6 3. f4 Nf6 4. Nc3 Nxe4 5. Nf3 Nxc3 6. dxc3 Qe7 7. b4 d6 8.
O-O Be6 9. Bxe6 Qxe6 10. b5 Ne7 11. Ng5 Qd5 12. Qxd5 Nxd5 13. fxe5 dxe5 14. Nxf7
Bc5+ 15. Kh1 O-O 16. c4 Nb6 17. Bb2 Nxc4 18. Nxe5 Rxf1+ 19. Rxf1 Nxb2 20. Nd7
Bd6 0-1

[Event "Titled Tue 10th Jun Late"]
[Site "chess.com INT"]
[Date "2025.06.10"]
[Round "11"]
[White "Blackburn, Jonathan L B"]
[Black "Khodabandeh, Milad"]
[Result "1-0"]
[WhiteTitle "FM"]
[BlackTitle "CM"]
[WhiteElo "2207"]
[BlackElo "1957"]
[WhiteFideId "1801090"]
[BlackFideId "12538620"]
[EventDate "2025.06.10"]

1. d4 d5 2. c4 c6 3. Nc3 Nf6 4. Nf3 dxc4 5. e4 b5 6. Be2 b4 7. Na4 Nxe4 8. Bxc4
e6 9. O-O Be7 10. Qc2 Nf6 11. Rd1 O-O 12. Bg5 Nbd7 13. Bd3 h6 14. Bxf6 Nxf6 15.
Qxc6 Bd7 16. Qa6 Bxa4 17. Qxa4 a5 18. Ne5 Nd5 19. Nc6 Qd6 20. Nxe7+ Nxe7 21. Be4
Nd5 22. g3 Ra6 23. a3 Rb8 24. axb4 Rxb4 25. Qe8+ Qf8 26. Bh7+ 1-0

[Event "Titled Tue 10th Jun Late"]
[Site "chess.com INT"]
[Date "2025.06.10"]
[Round "11"]
[White "Rabin, Evan"]
[Black "Anhwere, Bernard"]
[Result "1-0"]
[BlackTitle "CM"]
[WhiteElo "1945"]
[BlackElo "1906"]
[WhiteFideId "2028670"]
[BlackFideId "12600580"]
[EventDate "2025.06.10"]

1. d4 Nf6 2. c4 g6 3. Nc3 Bg7 4. Bg5 d6 5. e3 O-O 6. Nf3 c5 7. d5 Nbd7 8. Bd3
Rb8 9. O-O a6 10. a4 Re8 11. e4 e6 12. Re1 exd5 13. cxd5 Qc7 14. Nd2 Ng4 15.
Qxg4 c4 16. Bxc4 Ne5 17. Qe2 Bg4 18. f3 Bd7 19. Rac1 Qb6+ 20. Be3 Qxb2 21. Nf1
Rbc8 22. Nd2 Nxc4 23. Nxc4 Qb4 24. Na2 Qxa4 25. Nb6 Rxc1 26. Nxa4 Rxe1+ 27. Qxe1
Bxa4 28. Qb4 Bb5 29. Bd4 Rc8 30. Bxg7 Kxg7 31. Qxd6 Rc2 32. Nb4 Rc1+ 33. Kf2
Rf1+ 34. Kg3 1-0

[Event "Titled Tue 10th Jun Late"]
[Site "chess.com INT"]
[Date "2025.06.10"]
[Round "11"]
[White "Fadi, Marko"]
[Black "Sieciechowicz, Marcin"]
[Result "0-1"]
[WhiteTitle "FM"]
[BlackTitle "IM"]
[WhiteElo "2298"]
[BlackElo "2413"]
[WhiteFideId "10605371"]
[BlackFideId "1130170"]
[EventDate "2025.06.10"]

1. c4 Nf6 2. Nc3 b6 3. Nf3 Bb7 4. g3 Bxf3 5. exf3 c5 6. Bg2 Nc6 7. f4 g6 8. O-O
Bg7 9. d3 O-O 10. Re1 e6 11. Rb1 Rc8 12. a3 Ne7 13. b4 Nf5 14. Qa4 cxb4 15. axb4
d5 16. Qxa7 dxc4 17. dxc4 Rxc4 18. Ne2 Nd5 19. b5 Nd4 20. Nxd4 Bxd4 21. Rd1 Nc3
22. Ba3 Nxd1 23. Bxf8 Bxf2+ 24. Kf1 Qd2 25. Bf3 Ne3# 0-1

[Event "Titled Tue 10th Jun Late"]
[Site "chess.com INT"]
[Date "2025.06.10"]
[Round "11"]
[White "Terron Elena, Francisco M."]
[Black "Jasinski, Alexander"]
[Result "0-1"]
[WhiteTitle "FM"]
[WhiteElo "2148"]
[BlackElo "1989"]
[WhiteFideId "2210576"]
[BlackFideId "55627994"]
[EventDate "2025.06.10"]

1. e4 c5 2. Nf3 d6 3. d4 cxd4 4. Nxd4 Nf6 5. Nc3 g6 6. g3 Bg7 7. Bg2 O-O 8. O-O
Bd7 9. h3 Nc6 10. Nde2 a6 11. a4 Rc8 12. b3 Nb4 13. Bb2 b5 14. axb5 axb5 15. Nd4
Qb6 16. Nce2 Ne8 17. c3 Nc6 18. b4 Ne5 19. Nf4 Nc4 20. Nd5 Qd8 21. Qe2 e6 22.
Ne3 Nxb2 23. Qxb2 Qb6 24. Rfd1 Bc6 25. Nxc6 Qxc6 26. Rd3 Bxc3 27. Qb1 Bxa1 28.
Qxa1 Qc1+ 29. Qxc1 Rxc1+ 30. Kh2 Rb1 31. Nc2 Rb2 32. Rc3 e5 33. Bf1 Ng7 34. Bxb5
Ne6 35. Kg2 Nd4 36. Nxd4 exd4 37. Rc4 Rb8 38. Bc6 R8xb4 39. Rc1 Rd2 40. Bd5 Rbb2
41. Rc7 Rxf2+ 42. Kg1 d3 0-1

[Event "Titled Tue 10th Jun Late"]
[Site "chess.com INT"]
[Date "2025.06.10"]
[Round "11"]
[White "Pereyra, Horacio"]
[Black "Aliyev, Elnur"]
[Result "0-1"]
[BlackTitle "CM"]
[WhiteElo "2133"]
[BlackElo "2123"]
[WhiteFideId "113700"]
[BlackFideId "13402617"]
[EventDate "2025.06.10"]

1. d4 d5 2. Nc3 Nf6 3. Bg5 c6 4. Qd3 Nbd7 5. f3 e5 6. e4 exd4 7. Qxd4 Bc5 8. Qd2
Bxg1 9. Rxg1 dxe4 10. O-O-O O-O 11. Bc4 Qa5 12. fxe4 Ng4 13. Be7 Re8 14. Bd6
Nde5 15. Bb3 Be6 16. h3 Bxb3 17. cxb3 Nf6 18. Rgf1 Rad8 19. Qg5 Nd3+ 20. Rxd3
Qxg5+ 21. Kc2 Qxg2+ 22. Rd2 Qxf1 23. e5 Qf5+ 24. Kc1 Ne4 25. Nxe4 Qxe4 0-1

[Event "Titled Tue 10th Jun Late"]
[Site "chess.com INT"]
[Date "2025.06.10"]
[Round "11"]
[White "Daspres, Loic"]
[Black "Shafer, Logan C"]
[Result "0-1"]
[WhiteTitle "CM"]
[BlackTitle "CM"]
[WhiteElo "2207"]
[BlackElo "2217"]
[WhiteFideId "20612281"]
[BlackFideId "30993342"]
[EventDate "2025.06.10"]

1. e4 c6 2. d4 d5 3. exd5 cxd5 4. c4 Nf6 5. Nc3 g6 6. cxd5 Bg7 7. Qb3 O-O 8. Be2
Na6 9. Bf3 b5 10. Nge2 Rb8 11. Bf4 Rb6 12. O-O Nc7 13. d6 exd6 14. d5 Bg4 15.
Nd4 Bxf3 16. Nxf3 a5 17. Rad1 a4 18. Qb4 Na6 19. Qa5 Nc5 20. Nxb5 Nfe4 21. Nbd4
Rxb2 22. Nc6 Qxa5 23. Nxa5 Rxa2 24. Nc4 Rd8 25. Nd4 Bxd4 26. Rxd4 Rc2 27. Ne3
Rd2 28. Rd1 Rxd4 29. Rxd4 a3 30. Rd1 a2 31. Ra1 Ra8 0-1

[Event "Titled Tue 10th Jun Late"]
[Site "chess.com INT"]
[Date "2025.06.10"]
[Round "11"]
[White "Goldbeck, Lars"]
[Black "Ahmad, Al Khatib"]
[Result "1-0"]
[WhiteTitle "FM"]
[BlackTitle "GM"]
[WhiteElo "2391"]
[BlackElo "2172"]
[WhiteFideId "16208188"]
[BlackFideId "8103178"]
[EventDate "2025.06.10"]

1. e4 d6 2. d4 Nf6 3. Nc3 e5 4. dxe5 dxe5 5. Qxd8+ Kxd8 6. Bg5 Nd7 7. O-O-O c6
8. Nf3 Ke8 9. Bc4 b5 10. Bb3 b4 11. Na4 Nxe4 12. Rhe1 Nxg5 13. Nxg5 Be7 14. Nxf7
Rf8 15. Nxe5 Nb8 16. Nc4 Bg4 17. f3 Bh5 18. Re5 Bg6 19. Rde1 1-0